Statistics for Current dumping ground residents

Click here to take the quiz!

General Stats

  • This quiz has been taken 33 times
  • The average score is 12 of 16

Answer Stats

HintAnswer% Correct
Care workerMay-Li
100%
ResidentFloss
94%
ResidentCandi-Rose
88%
ResidentJody
88%
Care workerScott
88%
ResidentSid
81%
ResidentBird
75%
ResidentJay
75%
ResidentBec
69%
ResidentChloe
69%
ResidentFinn
69%
ResidentTaz
69%
ResidentSasha
63%
ResidentViv
63%
ResidentKaty
50%
ResidentNazeer
38%

Score Distribution

Percentile by Number Answered

Percent of People with Each Score

Your Score History

You have not taken this quiz